[Event "Politiken zt"]
[Site "Munkebo"]
[Date "1998.09.11"]
[Round "1.2"]
[White "Pihlajasalo, Antti"]
[Black "Nielsen, Peter Heine"]
[Result "1/2-1/2"]
[WhiteElo "2450"]
[BlackElo "2515"]
[EventDate "1998.09.10"]
[PlyCount "126"]

1.c4 c5 2.Nc3 g6 3.g3 Bg7 4.Bg2 Nc6 5.e4 e5 6.Nge2 Nge7 7.O-O O-O 8.d3 d6 
9.a3 Rb8 10.Rb1 a6 11.b4 cxb4 12.axb4 b5 13.cxb5 axb5 14.Be3 Be6 15.Nd5 
Qd7 16.d4 exd4 17.Nxd4 Ne5 18.Nxe7+ Qxe7 19.Nxe6 fxe6 20.Bd4 Rbc8 21.f4 
Nc4 22.Bh3 Rcd8 23.Bf2 Kh8 24.Qe2 Qf7 25.Rbd1 Rfe8 26.Rd3 Qe7 27.Qc2 Qc7 
28.Re1 Rc8 29.Qe2 Qf7 30.Qg4 Ra8 31.Qg5 e5 32.f5 Bf6 33.fxg6 Qxg6 34.Qxg6 
hxg6 35.Bd7 Reb8 36.Rd5 Ra4 37.Bxb5 Rxb4 38.Bxc4 Rxc4 39.Rxd6 Kg7 40.Rd7+ 
Kh6 41.Rd6 Kg7 42.Rd7+ Kh6 43.Rf7 Rc6 44.Re2 g5 45.g4 Kg6 46.Rd7 Rbc8 47.
Kg2 R8c7 48.Rd3 Kf7 49.Rf3 Ke6 50.Rf5 Rc2 51.Re3 R2c3 52.Kf3 Rxe3+ 53.Bxe3
Rg7 54.h4 gxh4 55.g5 Bd8 56.Kg4 Rb7 57.g6 h3 58.Kxh3 Rg7 59.Bg5 Bxg5 60.
Rxg5 Kf6 61.Kh4 Rxg6 62.Rxg6+ Kxg6 63.Kg4 Kf7 1/2-1/2

[Event "Politiken zt"]
[Site "Munkebo"]
[Date "1998.09.11"]
[Round "1.2"]
[White "Rodgaard, John"]
[Black "Olafsson, Helgi"]
[Result "1-0"]
[WhiteElo "2320"]
[BlackElo "2505"]
[EventDate "1998.09.10"]
[PlyCount "79"]

1.c4 Nf6 2.Nf3 b6 3.g3 Bb7 4.Bg2 e6 5.O-O Be7 6.Nc3 O-O 7.d4 Ne4 8.Qc2 
Nxc3 9.Qxc3 c5 10.Rd1 d6 11.b3 Bf6 12.Qc2 Nc6 13.Bb2 Qe7 14.e4 g6 15.d5 
Nb4 16.Qd2 Bxb2 17.Qxb2 e5 18.a3 Na6 19.Ne1 f5 20.Nd3 Rae8 21.Re1 Bc8 22.
f4 exf4 23.exf5 Qg7 24.Rxe8 Rxe8 25.f6 Qf7 26.Nxf4 Nc7 27.Rf1 Re5 28.Nd3 
Rf5 29.Rxf5 Bxf5 30.Nf2 g5 31.Be4 Qg6 32.Qe2 Qe8 33.Qf3 Bxe4 34.Nxe4 Qe5 
35.Qg4 h6 36.h4 Ne8 37.hxg5 hxg5 38.Qe6+ Kf8 39.Qxe5 dxe5 40.d6 1-0

[Event "Politiken zt"]
[Site "Munkebo"]
[Date "1998.09.11"]
[Round "1.2"]
[White "Sammalvuo, Tapani"]
[Black "Akesson, Ralf"]
[Result "0-1"]
[WhiteElo "2410"]
[BlackElo "2510"]
[EventDate "1998.09.10"]
[PlyCount "78"]

1.e4 c5 2.Nf3 e6 3.d3 Nc6 4.g3 d5 5.Nbd2 Nge7 6.Bg2 g6 7.O-O Bg7 8.exd5 
exd5 9.d4 c4 10.c3 O-O 11.Nh4 g5 12.Nhf3 Ng6 13.Ne1 Be6 14.b3 cxb3 15.Nxb3
b6 16.Qh5 f6 17.f4 Qd7 18.h3 Nce7 19.fxg5 fxg5 20.Bxg5 Rxf1+ 21.Bxf1 Nf5 
22.Qf3 Rf8 23.Qd3 Nd6 24.Bg2 Ne4 25.Bxe4 dxe4 26.Qxe4 Bd5 27.Qg4 Qf7 28.
Bf4 Qe8 29.Qg5 Qe4 30.Nd2 Qh1+ 31.Kf2 Qh2+ 32.Ke3 Nxf4 33.gxf4 Re8+ 34.Kd3
Qe2+ 35.Kc2 Be4+ 36.Kb3 Qxd2 37.Qb5 Rc8 38.Qb4 Bf8 39.Nf3 Qc2+ 0-1

[Event "Politiken zt"]
[Site "Munkebo"]
[Date "1998.09.11"]
[Round "1.2"]
[White "Stefansson, Hannes"]
[Black "Gretarsson, Helgi Ass"]
[Result "1-0"]
[WhiteElo "2535"]
[BlackElo "2480"]
[EventDate "1998.09.10"]
[PlyCount "85"]

1.d4 d5 2.c4 c6 3.Nf3 Nf6 4.Nc3 dxc4 5.a4 Bf5 6.Ne5 e6 7.f3 c5 8.e4 cxd4 
9.exf5 Nc6 10.Nxc6 bxc6 11.fxe6 fxe6 12.Qe2 dxc3 13.Qxe6+ Qe7 14.Bxc4 
Qxe6+ 15.Bxe6 cxb2 16.Bxb2 Bb4+ 17.Ke2 Ke7 18.Bc4 Nd5 19.Bxd5 cxd5 20.Rhc1
Bd6 21.g3 Rhe8 22.Kd3 g5 23.Bd4 Kd7 24.Rab1 Reb8 25.Rxb8 Rxb8 26.Bxa7 Ra8 
27.Be3 g4 28.Ra1 gxf3 29.a5 Ra6 30.Bb6 Bb4 31.Ke3 Bc3 32.Ra3 d4+ 33.Kxf3 
Kc6 34.Ke4 Ra8 35.Bxd4 Bxa5 36.Be5 Kb5 37.Rb3+ Kc6 38.Rf3 Bd8 39.Rf8 h5 
40.Kf5 Kd7 41.Rf7+ Kc6 42.h4 Ra4 43.Bf4 1-0

[Event "Politiken zt"]
[Site "Munkebo"]
[Date "1998.09.11"]
[Round "1.2"]
[White "Wedberg, Tom"]
[Black "Schandorff, Lars"]
[Result "1/2-1/2"]
[WhiteElo "2475"]
[BlackElo "2535"]
[EventDate "1998.09.10"]
[PlyCount "35"]

1.e4 e5 2.Nf3 Nf6 3.d4 Nxe4 4.Bd3 d5 5.Nxe5 Nd7 6.Nxd7 Bxd7 7.O-O Bd6 8.c4
c6 9.Nc3 O-O 10.cxd5 Nxc3 11.bxc3 cxd5 12.Qh5 g6 13.Qh6 Re8 14.Bg5 Bf8 15.
Qxf8+ Kxf8 16.Bxd8 Raxd8 17.Rfb1 Rb8 18.Kf1 1/2-1/2

[Event "Politiken zt"]
[Site "Munkebo"]
[Date "1998.09.12"]
[Round "1.3"]
[White "Rodgaard, John"]
[Black "Olafsson, Helgi"]
[Result "1/2-1/2"]
[WhiteElo "2320"]
[BlackElo "2505"]
[EventDate "1998.09.10"]
[PlyCount "115"]

1.c4 e5 2.e3 Nf6 3.Nc3 Bb4 4.Nge2 O-O 5.a3 Be7 6.d4 exd4 7.Qxd4 Nc6 8.Qd1 
Ne5 9.Nf4 c6 10.b3 a6 11.Nd3 d6 12.Be2 Bf5 13.O-O b5 14.f3 Nfd7 15.e4 Be6 
16.Nf2 Bf6 17.Bd2 Ng6 18.Rc1 bxc4 19.f4 cxb3 20.f5 Nc5 21.fxe6 fxe6 22.Bc4
Bd4 23.Be1 b2 24.Rb1 Qf6 25.Ne2 Be5 26.Ng3 d5 27.exd5 exd5 28.Ng4 Qg5 29.
Nxe5 Nxe5 30.Bxd5+ cxd5 31.Qxd5+ Nf7 32.Qxg5 Nxg5 33.Rxf8+ Rxf8 34.Bb4 Rc8
35.Bxc5 Rxc5 36.Rxb2 h6 37.Rb6 a5 38.Ra6 Re5 39.Kf2 Ne6 40.Ne2 Nc5 41.Ra7 
Nd3+ 42.Kf1 Rf5+ 43.Kg1 Rc5 44.g3 Ne5 45.h3 Nc4 46.a4 Nb6 47.Nd4 Nxa4 48.
Ne6 Re5 49.Rxg7+ Kh8 50.Rg6 h5 51.Nf4 Kh7 52.Ra6 Nc3 53.Ra7+ Kh6 54.Ra6+ 
Kg7 55.Ra7+ Kf6 56.Ra6+ Kf7 57.Ra7+ Ke8 58.Kg2 1/2-1/2

[Event "Politiken zt"]
[Site "Munkebo"]
[Date "1998.09.12"]
[Round "1.3"]
[White "Salmensuu, Olli"]
[Black "Danielsen, Henrik"]
[Result "0-1"]
[WhiteElo "2420"]
[BlackElo "2510"]
[EventDate "1998.09.10"]
[PlyCount "99"]

1.d4 c6 2.e4 d5 3.exd5 cxd5 4.c4 Nf6 5.Nc3 e6 6.Nf3 Nc6 7.cxd5 Nxd5 8.Bd3 
Be7 9.O-O O-O 10.Re1 Nf6 11.a3 b6 12.Be3 Bb7 13.Bc2 Re8 14.Qd3 g6 15.Rad1 
Rc8 16.Bb3 Na5 17.Ba4 Bc6 18.Bxc6 Nxc6 19.d5 Nxd5 20.Nxd5 exd5 21.Qxd5 
Qxd5 22.Rxd5 Bf6 23.Rb1 Red8 24.Rxd8+ Rxd8 25.Kf1 Na5 26.Nd2 Rc8 27.b4 Nc6
28.Ne4 Be5 29.Rc1 f5 30.b5 Ne7 31.Rxc8+ Nxc8 32.Nd2 Nd6 33.a4 Kf7 34.f4 
Bb2 35.Nf3 Nc4 36.Ke2 Bf6 37.Bd4 Bxd4 38.Nxd4 Nb2 39.Nc6 Nxa4 40.Nxa7 Ke6 
41.Kd3 Kd5 42.h3 Nc5+ 43.Ke3 Ne4 44.g4 Nd6 45.g5 Kc5 46.h4 Nxb5 47.Nc8 Nc7
48.Na7 Nd5+ 49.Kf3 Ne7 50.Ke3 0-1

[Event "Politiken zt"]
[Site "Munkebo"]
[Date "1998.09.12"]
[Round "1.3"]
[White "Wedberg, Tom"]
[Black "Schandorff, Lars"]
[Result "1/2-1/2"]
[WhiteElo "2475"]
[BlackElo "2535"]
[EventDate "1998.09.10"]
[PlyCount "107"]

1.e4 e5 2.Nf3 Nf6 3.d4 Nxe4 4.Nxe5 d5 5.Bd3 Nd7 6.Nxd7 Bxd7 7.Qe2 Qe7 8.
O-O Nf6 9.Qf3 Bg4 10.Qg3 Be6 11.Nc3 O-O-O 12.Bg5 h6 13.Bxf6 Qxf6 14.Nb5 
Bd6 15.Nxd6+ Rxd6 16.c3 Qg5 17.Qxg5 hxg5 18.f4 gxf4 19.Rxf4 Kd7 20.Re1 Ke7
21.h3 Rh6 22.Ref1 a5 23.Kh2 Rd8 24.Bf5 Rf6 25.g4 Bxf5 26.Rxf5 Rxf5 27.Rxf5
f6 28.h4 Rd6 29.Kg3 a4 30.h5 Rb6 31.Rf2 Re6 32.Kf3 Kf7 33.Re2 Rc6 34.Ke3 
a3 35.Kd3 axb2 36.Rxb2 b6 37.Rb5 Rd6 38.a4 g6 39.a5 bxa5 40.Rxa5 gxh5 41.
gxh5 Kg7 42.c4 dxc4+ 43.Kxc4 Kh6 44.Rc5 Ra6 45.Rxc7 Kxh5 46.d5 f5 47.Kc5 
f4 48.Rf7 Kg4 49.d6 Ra1 50.d7 Rd1 51.Kc6 f3 52.Rf8 Kg3 53.Rg8+ Kh2 54.Rf8 
1/2-1/2

[Event "Politiken zt"]
[Site "Munkebo"]
[Date "1998.09.12"]
[Round "1.4"]
[White "Olafsson, Helgi"]
[Black "Rodgaard, John"]
[Result "1-0"]
[WhiteElo "2505"]
[BlackElo "2320"]
[EventDate "1998.09.10"]
[PlyCount "69"]

1.d4 d5 2.c4 e6 3.Nf3 c6 4.Qc2 Nf6 5.g3 b6 6.Bg2 Bb7 7.O-O Bd6 8.Nc3 Nbd7 
9.e4 dxe4 10.Ng5 Be7 11.Ngxe4 Nxe4 12.Nxe4 Nf6 13.Bf4 O-O 14.Rad1 Qd7 15.
Rfe1 Rfe8 16.a3 Nxe4 17.Bxe4 h6 18.Be5 Bf8 19.h4 Rad8 20.b4 Qc8 21.c5 bxc5
22.dxc5 Rxd1 23.Rxd1 Rd8 24.Bd6 Qd7 25.Bf3 Be7 26.Qa4 Bf6 27.Kg2 a6 28.Be5
Qc8 29.Bxf6 Rxd1 30.Qxd1 gxf6 31.Qd6 Kg7 32.Qe7 Kg6 33.Bh5+ Kxh5 34.Qxf7+ 
Kg4 35.Qg6# 1-0

[Event "Politiken zt"]
[Site "Munkebo"]
[Date "1998.09.12"]
[Round "1.4"]
[White "Petursson, Margeir"]
[Black "Thorhallsson, Throstur"]
[Result "1-0"]
[WhiteElo "2555"]
[BlackElo "2495"]
[EventDate "1998.09.10"]
[PlyCount "93"]

1.c4 Nf6 2.d4 c5 3.d5 b5 4.cxb5 a6 5.e3 Bb7 6.Nc3 Qa5 7.Bd2 axb5 8.Bxb5 
Qb6 9.Qb3 Na6 10.e4 Nb4 11.a4 Nxe4 12.Nxe4 Bxd5 13.Qh3 Qxb5 14.axb5 Rxa1+ 
15.Ke2 Bxe4 16.Bxb4 cxb4 17.b6 e6 18.Qg3 d6 19.Qg5 f5 20.Qe3 Be7 21.f3 Bc6
22.Qxe6 Kd8 23.Kf2 Re8 24.Qc4 Kd7 25.g3 d5 26.Qc2 g6 27.Kg2 b3 28.Qc3 Bd6 
29.h4 Ree1 30.h5 g5 31.Qg7+ Be7 32.Qxh7 Rab1 33.Qxf5+ Kd6 34.Qg6+ Kc5 35.
h6 Rxb2+ 36.Kh3 Bd7+ 37.g4 Re6 38.Qg7 Rf2 39.b7 Bd6 40.h7 b2 41.h8=Q b1=Q 
42.Qc3+ Kb5 43.b8=Q+ Bxb8 44.Qxb8+ Rb6 45.Qxb6+ Kxb6 46.Qd4+ Kc6 47.Qxf2 
1-0

[Event "Politiken zt"]
[Site "Munkebo"]
[Date "1998.09.12"]
[Round "1.4"]
[White "Schandorff, Lars"]
[Black "Wedberg, Tom"]
[Result "1/2-1/2"]
[WhiteElo "2535"]
[BlackElo "2475"]
[EventDate "1998.09.10"]
[PlyCount "135"]

1.d4 Nf6 2.c4 e6 3.Nc3 Bb4 4.Qc2 b6 5.a3 Bxc3+ 6.Qxc3 O-O 7.Bg5 Bb7 8.f3 
d6 9.e3 Nbd7 10.Bd3 h6 11.Bh4 c5 12.Ne2 Rc8 13.b4 d5 14.dxc5 bxc5 15.b5 
Ne4 16.Bxd8 Nxc3 17.Be7 Rfe8 18.Bd6 Na4 19.O-O-O Nab6 20.Nc3 dxc4 21.Bc2 
Nd5 22.Nxd5 Bxd5 23.e4 Bb7 24.Bg3 Nf8 25.Rd6 Red8 26.Rhd1 Rxd6 27.Rxd6 f6 
28.Bb1 Kf7 29.Ba2 Ke7 30.Bxc4 e5 31.Rd2 Ne6 32.Kb2 Nd4 33.Kc3 g5 34.a4 Rb8
35.h4 Kd6 36.Rd1 Rh8 37.Rh1 h5 38.hxg5 fxg5 39.Bf2 h4 40.Be3 g4 41.fxg4 
Bxe4 42.Bg5 Bxg2 43.Rxh4 Rxh4 44.Bxh4 Bf3 45.g5 Bh5 46.Bf2 Bg6 47.Be3 Nf5 
48.Bc1 Nd4 49.Bd2 Nf3 50.Be3 Nd4 51.Bg8 Nf5 52.Bf2 Ne7 53.Bc4 Nd5+ 54.Kb3 
Nb6 55.Bg8 Nd5 56.a5 Bd3 57.b6 axb6 58.Bxd5 Kxd5 59.axb6 c4+ 60.Kc3 Kc6 
61.Kb4 Kb7 62.Kc3 Kc6 63.Bg1 Kb7 64.Bc5 Kc6 65.Be3 Kb7 66.Bg1 Kc6 67.Kb2 
Kb7 68.Kc3 1/2-1/2

[Event "Politiken zt"]
[Site "Munkebo"]
[Date "1998.09.12"]
[Round "1.5"]
[White "Danielsen, Henrik"]
[Black "Salmensuu, Olli"]
[Result "1-0"]
[WhiteElo "2510"]
[BlackElo "2420"]
[EventDate "1998.09.10"]
[PlyCount "103"]

1.f4 g6 2.Nf3 Bg7 3.g3 c5 4.Bg2 Nc6 5.O-O d6 6.d3 e5 7.Nc3 Nge7 8.e4 exf4 
9.Bxf4 O-O 10.Qd2 Ne5 11.Nxe5 dxe5 12.Bh6 Be6 13.Rf2 c4 14.Bxg7 Kxg7 15.
Raf1 cxd3 16.cxd3 Qd4 17.Ne2 Qd6 18.d4 Bxa2 19.Rf6 Be6 20.d5 Ng8 21.R6f2 
Bd7 22.Nc3 Rac8 23.Kh1 a5 24.Nd1 Qb4 25.Nc3 a4 26.Rf3 Rc4 27.h3 Rd4 28.Qf2
f6 29.g4 g5 30.Qe2 Qc4 31.Qe3 b5 32.R1f2 b4 33.Bf1 Qb3 34.Rxf6 Rxf6 35.
Qxg5+ Kf7 36.Qh5+ Kf8 37.Rxf6+ Nxf6 38.Qxe5 Kf7 39.g5 Nh5 40.Qc7 Ke8 41.
Qb8+ Kf7 42.Qd6 Be8 43.Qe6+ Kf8 44.Qd6+ Kg7 45.Qe5+ Kg6 46.Qxe8+ Kxg5 47.
Qe5+ Kh4 48.Qxd4 Qxb2 49.e5+ Nf4 50.Qxf4+ Kh5 51.Be2+ Kg6 52.Qf6# 1-0

[Event "Politiken zt"]
[Site "Munkebo"]
[Date "1998.09.12"]
[Round "1.5"]
[White "Schandorff, Lars"]
[Black "Wedberg, Tom"]
[Result "1/2-1/2"]
[WhiteElo "2535"]
[BlackElo "2475"]
[EventDate "1998.09.10"]
[PlyCount "78"]

1.d4 Nf6 2.c4 e6 3.Nc3 Bb4 4.Qc2 b6 5.a3 Bxc3+ 6.Qxc3 Bb7 7.Bg5 O-O 8.e3 
d6 9.f3 Nbd7 10.Bd3 h6 11.Bh4 c5 12.Ne2 Rc8 13.b4 d5 14.dxc5 bxc5 15.b5 
Ne4 16.Bxd8 Nxc3 17.Be7 Rfe8 18.Bd6 Na4 19.O-O-O Ndb6 20.Be5 a6 21.cxd5 
exd5 22.bxa6 Bc6 23.Bf4 g5 24.Bg3 Rxe3 25.Bf2 Ree8 26.Ng3 d4 27.Nf5 Re6 
28.Rhe1 Kf8 29.Bg3 Rd8 30.a7 c4 31.Be4 d3 32.Bc7 Rd7 33.Bb8 Nc5 34.Bxc6 
Rxc6 35.Re5 c3 36.Rxc5 Rxc5 37.Bd6+ Rxd6 38.Nxd6 Rd5 39.Ne4 Rd7 1/2-1/2

[Event "Politiken zt"]
[Site "Munkebo"]
[Date "1998.09.12"]
[Round "1.6"]
[White "Wedberg, Tom"]
[Black "Schandorff, Lars"]
[Result "1-0"]
[WhiteElo "2475"]
[BlackElo "2535"]
[EventDate "1998.09.10"]
[PlyCount "85"]

1.e4 e5 2.Nc3 Nf6 3.f4 d5 4.fxe5 Nxe4 5.Nf3 Be7 6.Qe2 Nxc3 7.dxc3 O-O 8.
Bf4 Be6 9.Qf2 c5 10.Qg3 f5 11.exf6 Bxf6 12.O-O-O Qa5 13.a3 Nd7 14.Bc7 Qa4 
15.Bd6 Rfe8 16.Bd3 c4 17.Be2 Bf5 18.Rd2 Be4 19.Bd1 Nf8 20.Nd4 Ne6 21.Nxe6 
Rxe6 22.Bf4 Qc6 23.Bg4 Re7 24.Bf3 Rae8 25.Rhd1 b5 26.Rxd5 Kh8 27.Bxe4 Rxe4
28.Bg5 Be5 29.Qf3 Qg6 30.h4 h6 31.Bd2 a6 32.h5 Qg4 33.Qxg4 Rxg4 34.Re1 
Rxg2 35.Rdxe5 Rf8 36.Re8 Rxe8 37.Rxe8+ Kh7 38.Re5 Rg1+ 39.Re1 Rg2 40.Rh1 
Kg8 41.b3 Kf7 42.bxc4 bxc4 43.Rh4 1-0

[Event "Politiken zt"]
[Site "Munkebo"]
[Date "1998.09.13"]
[Round "2.1"]
[White "Akesson, Ralf"]
[Black "Petursson, Margeir"]
[Result "1-0"]
[WhiteElo "2510"]
[BlackElo "2555"]
[EventDate "1998.09.10"]
[PlyCount "97"]

1.d4 Nf6 2.c4 e6 3.Nf3 Bb4+ 4.Nbd2 b6 5.a3 Bxd2+ 6.Qxd2 Bb7 7.e3 O-O 8.Be2
a5 9.b3 d5 10.O-O Nbd7 11.Bb2 c5 12.Rfd1 Qe7 13.Rab1 Rac8 14.dxc5 Nxc5 15.
Bd4 Ncd7 16.cxd5 Bxd5 17.Qb2 Rc7 18.Rbc1 Rfc8 19.Rxc7 Rxc7 20.Ne5 Nc5 21.
Nc4 Nfd7 22.f3 f5 23.Rc1 h6 24.Ne5 Qg5 25.Rc3 Nxe5 26.Bxe5 Rf7 27.b4 axb4 
28.Qxb4 Nd7 29.Bg3 Qf6 30.h3 e5 31.e4 fxe4 32.fxe4 Be6 33.Rc6 Qg6 34.Bg4 
Rf6 35.Bh4 Bxg4 36.Bxf6 Nxf6 37.hxg4 Qxg4 38.Qb3+ Kh8 39.Rxb6 Qh4 40.Rb8+ 
Kh7 41.Qf3 Qe1+ 42.Qf1 Qe3+ 43.Kh1 Ng8 44.Qf5+ Kh8 45.Kh2 Qe1 46.Qg4 Qf2 
47.a4 Qf6 48.a5 g5 49.Qf5 1-0

[Event "Politiken zt"]
[Site "Munkebo"]
[Date "1998.09.13"]
[Round "2.1"]
[White "Brynell, Stellan"]
[Black "Nielsen, Peter Heine"]
[Result "1/2-1/2"]
[WhiteElo "2485"]
[BlackElo "2515"]
[EventDate "1998.09.10"]
[PlyCount "45"]

1.Nf3 d5 2.d4 Nf6 3.c4 e6 4.Nc3 Be7 5.Bg5 O-O 6.e3 h6 7.Bh4 b6 8.Bd3 Bb7 
9.O-O Nbd7 10.Qe2 Ne4 11.Bg3 Ndf6 12.Rac1 Bd6 13.cxd5 exd5 14.Bxd6 Nxd6 
15.Nb5 c6 16.Nxd6 Qxd6 17.Ba6 Bxa6 18.Qxa6 Rfc8 19.Rc2 Rc7 20.Rfc1 Rac8 
21.a3 Nd7 22.h3 Qe6 23.Rc3 1/2-1/2

[Event "Politiken zt"]
[Site "Munkebo"]
[Date "1998.09.13"]
[Round "2.1"]
[White "Danielsen, Henrik"]
[Black "Wedberg, Tom"]
[Result "0-1"]
[WhiteElo "2510"]
[BlackElo "2475"]
[EventDate "1998.09.10"]
[PlyCount "78"]

1.f4 d5 2.Nf3 g6 3.g3 Bg7 4.Bg2 c5 5.O-O Nf6 6.d3 O-O 7.c3 b6 8.Na3 Bb7 9.
Qe1 Nbd7 10.h3 Qc7 11.g4 e5 12.Nb5 Qc6 13.a4 e4 14.Ne5 Nxe5 15.fxe5 Ne8 
16.dxe4 dxe4 17.Bf4 a6 18.Nd6 Nxd6 19.exd6 Rad8 20.Qg3 Rfe8 21.Rad1 Qxa4 
22.b3 Qd7 23.Bg5 Rb8 24.Bf6 Bf8 25.c4 Re6 26.Ba1 Rd8 27.Qh4 h6 28.Rf6 g5 
29.Qg3 Bg7 30.Rxe6 Qxe6 31.Bxg7 Kxg7 32.Qe3 f6 33.Qd2 Rd7 34.e3 a5 35.Kh1 
Qe5 36.Bf1 Kf7 37.b4 axb4 38.Qa2 Rxd6 39.Rb1 Rd7 0-1

[Event "Politiken zt"]
[Site "Munkebo"]
[Date "1998.09.13"]
[Round "2.1"]
[White "Hansen, Sune Berg"]
[Black "Djurhuus, Rune"]
[Result "1/2-1/2"]
[WhiteElo "2520"]
[BlackElo "2495"]
[EventDate "1998.09.10"]
[PlyCount "201"]

1.e4 e6 2.d4 d5 3.Nd2 c5 4.Ngf3 cxd4 5.exd5 Qxd5 6.Bc4 Qd6 7.O-O Nf6 8.Nb3
Nc6 9.Qe2 a6 10.Bg5 Qc7 11.Rad1 b5 12.Bd3 Bd6 13.Bxf6 gxf6 14.Be4 Bb7 15.
Nbxd4 Nxd4 16.Rxd4 Bxe4 17.Qxe4 Rd8 18.Rfd1 Ke7 19.g3 Bc5 20.R4d3 Qb6 21.
b4 Rxd3 22.Rxd3 Bxf2+ 23.Kg2 Rd8 24.Rxd8 Kxd8 25.Qxh7 Ke7 26.Qd3 Be3 27.
Kf1 Bh6 28.Qe4 Qc7 29.Qd3 Qc6 30.Kf2 f5 31.Ne5 Qc7 32.Nf3 Bg7 33.a3 Bb2 
34.Ke2 Bc3 35.Qe3 Qc4+ 36.Kf2 Bb2 37.Qd2 Bf6 38.Kg2 e5 39.c3 Qb3 40.Qe3 
Qa2+ 41.Kg1 Qb1+ 42.Kf2 Qc2+ 43.Kg1 Qd1+ 44.Kf2 e4 45.Nd4 Bxd4 46.Qxd4 
Qf3+ 47.Kg1 e3 48.Qe5+ Kd7 49.Qd4+ Ke6 50.Qb6+ Ke7 51.Qc7+ Kf6 52.Qd8+ Kg7
53.Qg5+ Kh7 54.Qf4 Qd1+ 55.Kg2 Qe2+ 56.Kg1 Qd1+ 57.Kg2 Qc2+ 58.Kf1 Qd3+ 
59.Kg1 Kg6 60.h4 f6 61.Qf3 Qb1+ 62.Kg2 Qc2+ 63.Kg1 Qc1+ 64.Qf1 Qxc3 65.h5+
Kg7 66.Qxf5 e2 67.Qg4+ Kf8 68.Qxe2 Qxg3+ 69.Kf1 Qxa3 70.Qg4 Qd3+ 71.Kg2 
Qc4 72.Kg3 Qc3+ 73.Kg2 Qd2+ 74.Kg3 Qd3+ 75.Kg2 Kf7 76.Kf2 Qd2+ 77.Kg3 Qd6+
78.Kg2 Qd5+ 79.Kg3 Qe5+ 80.Kf3 Qc3+ 81.Kg2 Qc2+ 82.Kg3 Qd3+ 83.Kf2 Kf8 84.
Kg2 Qc2+ 85.Kg3 Qc3+ 86.Kg2 a5 87.bxa5 Qxa5 88.Qc8+ Ke7 89.Qc5+ Ke6 90.Kf3
Qa8+ 91.Ke3 Qb7 92.Kf4 Qb8+ 93.Ke4 Kf7 94.Qd5+ Kg7 95.Qf5 Qe8+ 96.Kd3 b4 
97.h6+ Kxh6 98.Qxf6+ Qg6+ 99.Qxg6+ Kxg6 100.Kc4 Kf5 101.Kxb4 1/2-1/2

[Event "Politiken zt"]
[Site "Munkebo"]
[Date "1998.09.14"]
[Round "2.2"]
[White "Hector, Jonny"]
[Black "Gausel, Einar"]
[Result "1/2-1/2"]
[WhiteElo "2510"]
[BlackElo "2540"]
[EventDate "1998.09.10"]
[PlyCount "105"]

1.e4 c6 2.d4 d5 3.Nc3 dxe4 4.Nxe4 Bf5 5.Ng3 Bg6 6.h4 h6 7.Nf3 Nd7 8.h5 Bh7
9.Bd3 Bxd3 10.Qxd3 Ngf6 11.Bd2 e6 12.Qe2 Qc7 13.O-O-O O-O-O 14.Ne5 Nb6 15.
Ba5 Rd5 16.Bxb6 axb6 17.f4 b5 18.c3 Rd8 19.Kb1 Bd6 20.Qf3 Rhe8 21.Rde1 Kb8
22.Rhf1 b4 23.c4 c5 24.Nd3 cxd4 25.c5 Bf8 26.Rc1 Nd5 27.Ne2 Ne3 28.Rfe1 
Qc6 29.Qxc6 bxc6 30.g3 Kb7 31.Nxd4 Nf5 32.Nxf5 Rxd3 33.Ne3 Ka6 34.Nc4 f6 
35.a3 Bxc5 36.Ne5 fxe5 37.Rxc5 bxa3 38.Rexe5 axb2 39.Rxc6+ Kb7 40.Rc4 Rb3 
41.Rc2 Rd8 42.Rxb2 Rd1+ 43.Kc2 Rxb2+ 44.Kxd1 Rg2 45.Rxe6 Rxg3 46.Rg6 Rh3 
47.Rxg7+ Kc8 48.Ke2 Kd8 49.Ra7 Rxh5 50.Kf3 Ke8 51.Kg4 Rb5 52.f5 Rb6 53.Rh7
1/2-1/2

[Event "Politiken zt"]
[Site "Munkebo"]
[Date "1998.09.14"]
[Round "2.2"]
[White "Nielsen, Peter Heine"]
[Black "Brynell, Stellan"]
[Result "1/2-1/2"]
[WhiteElo "2515"]
[BlackElo "2485"]
[EventDate "1998.09.10"]
[PlyCount "27"]

1.d4 Nf6 2.c4 e6 3.Nf3 c5 4.d5 d6 5.Nc3 exd5 6.cxd5 g6 7.e4 Bg7 8.h3 O-O 
9.Bd3 Bd7 10.O-O b5 11.a3 c4 12.Bc2 a5 13.Bf4 Qb6 14.e5 1/2-1/2

[Event "Politiken zt"]
[Site "Munkebo"]
[Date "1998.09.14"]
[Round "2.2"]
[White "Stefansson, Hannes"]
[Black "Olafsson, Helgi"]
[Result "1/2-1/2"]
[WhiteElo "2535"]
[BlackElo "2505"]
[EventDate "1998.09.10"]
[PlyCount "78"]

1.e4 c6 2.d4 d5 3.Nd2 dxe4 4.Nxe4 Bf5 5.Ng3 Bg6 6.h4 h6 7.Nf3 Nf6 8.Ne5 
Bh7 9.Bd3 Bxd3 10.Qxd3 e6 11.Bd2 Nbd7 12.f4 c5 13.O-O-O cxd4 14.Rhe1 Nc5 
15.Qb5+ Nfd7 16.Nxf7 Kxf7 17.f5 exf5 18.b4 Nf6 19.bxc5 Qd5 20.Bf4 Bxc5 21.
Re5 Ba3+ 22.Kb1 Qxb5+ 23.Rxb5 b6 24.Rxf5 Rhe8 25.Bc1 Bd6 26.Rf3 Bxg3 27.
Rxg3 Re4 28.Bb2 Rxh4 29.Bxd4 Rd8 30.Rxg7+ Kxg7 31.Bxf6+ Kxf6 32.Rxd8 Rb4+ 
33.Kc1 h5 34.Rd7 Ra4 35.Kb2 h4 36.Kb3 Ra5 37.c4 Rg5 38.Rxa7 Rxg2 39.Rh7 
Rg3+ 1/2-1/2

[Event "Politiken zt"]
[Site "Munkebo"]
[Date "1998.09.14"]
[Round "2.2"]
[White "Wedberg, Tom"]
[Black "Danielsen, Henrik"]
[Result "0-1"]
[WhiteElo "2475"]
[BlackElo "2510"]
[EventDate "1998.09.10"]
[PlyCount "176"]

1.e4 d5 2.exd5 Qxd5 3.Nc3 Qa5 4.g3 Nf6 5.Bg2 c6 6.Nf3 Bf5 7.O-O e6 8.Re1 
Bb4 9.Ne5 O-O 10.Nc4 Qc5 11.Ne3 Bg6 12.Ne2 Ba5 13.d4 Qe7 14.c3 Nbd7 15.Nc4
Bc7 16.Nf4 Bf5 17.b3 Qd8 18.Nd3 Nd5 19.Qd2 Bxd3 20.Qxd3 b5 21.Ne3 Rc8 22.
Bd2 a6 23.a4 Ne7 24.axb5 axb5 25.Qe2 Bb6 26.Nc2 h6 27.c4 Nf6 28.Bb4 c5 29.
dxc5 Bxc5 30.Bxc5 Rxc5 31.cxb5 Nfd5 32.Ne3 Nxe3 33.Qxe3 Rxb5 34.Ra8 Qb6 
35.Rxf8+ Kxf8 36.Qxb6 Rxb6 37.Re3 Nf5 38.Rd3 Rb4 39.Bc6 Nd4 40.Ba4 g5 41.
f3 Ke7 42.Kf2 e5 43.Rc3 Rb6 44.Ke3 Ke6 45.f4 Rb4 46.fxe5 Kxe5 47.Rc5+ Ke6 
48.Rc4 Nf5+ 49.Kd3 Rb8 50.Rc6+ Nd6 51.Rc1 h5 52.Kd4 Nf5+ 53.Kd3 Rd8+ 54.
Ke2 Nd4+ 55.Ke3 h4 56.Kf2 h3 57.g4 Ke5 58.Ke3 Ne6 59.Bb5 Rd4 60.Rc4 Rd1 
61.Re4+ Kd6 62.Bc4 Rh1 63.Bxe6 fxe6 64.Rd4+ Ke5 65.Rd2 Rb1 66.Rd3 Rb2 67.
Kf3 Rxh2 68.Re3+ Kd5 69.Rd3+ Ke5 70.Re3+ Kf6 71.Kg3 Rh1 72.Re2 e5 73.Rb2 
e4 74.b4 Ke5 75.b5 Rd1 76.b6 Rd3+ 77.Kh2 Rd8 78.Kg3 Rb8 79.Kxh3 Kf4 80.
Rf2+ Ke3 81.Rf6 Ke2 82.Kg2 e3 83.Rd6 Ke1 84.Kf3 e2 85.Kg2 Rb7 86.Re6 Rd7 
87.b7 Rxb7 88.Rd6 Rb4 0-1

[Event "Politiken zt"]
[Site "Munkebo"]
[Date "1998.09.15"]
[Round "2.3"]
[White "Brynell, Stellan"]
[Black "Nielsen, Peter Heine"]
[Result "1/2-1/2"]
[WhiteElo "2485"]
[BlackElo "2515"]
[EventDate "1998.09.10"]
[PlyCount "89"]

1.Nf3 Nf6 2.d4 g6 3.Nc3 d5 4.Bf4 Bg7 5.Nb5 Na6 6.e3 O-O 7.Be5 c6 8.Nc3 Nb8
9.h3 Nbd7 10.Bh2 Ne4 11.Nxe4 dxe4 12.Nd2 c5 13.c3 cxd4 14.cxd4 e5 15.Nb3 
exd4 16.Nxd4 Nc5 17.Bc4 Qg5 18.Bg3 h5 19.h4 Qe7 20.O-O Rd8 21.Qc2 Bg4 22.
b4 Nd7 23.Rac1 Nb6 24.Bb3 Rac8 25.Qd2 Bf6 26.Rxc8 Rxc8 27.Nb5 Rd8 28.Qc2 
a6 29.Qc7 Qxc7 30.Bxc7 axb5 31.Bxb6 Rd2 32.g3 Bb2 33.Bc5 Kg7 34.a4 bxa4 
35.Bxa4 Be2 36.Rb1 f6 37.Bb3 b5 38.Be6 f5 39.Rxb2 Rd1+ 40.Kh2 Bf3 41.g4 f4
42.Bd4+ Kh7 43.exf4 Rh1+ 44.Kg3 Rg1+ 45.Kh2 1/2-1/2

[Event "Politiken zt"]
[Site "Munkebo"]
[Date "1998.09.15"]
[Round "2.3"]
[White "Wedberg, Tom"]
[Black "Danielsen, Henrik"]
[Result "1/2-1/2"]
[WhiteElo "2475"]
[BlackElo "2510"]
[EventDate "1998.09.10"]
[PlyCount "121"]

1.e4 c6 2.d4 d5 3.e5 Bf5 4.Nf3 e6 5.Be2 Nd7 6.Be3 Ne7 7.Nbd2 Bg6 8.O-O Nf5
9.Bf4 Be7 10.c4 dxc4 11.Nxc4 Nb6 12.g4 Nh6 13.h3 Be4 14.Rc1 Nd5 15.Bg3 
Bxf3 16.Bxf3 O-O 17.Be4 Bg5 18.f4 Bh4 19.Qf3 Bxg3 20.Qxg3 f5 21.Bg2 Ne7 
22.Rcd1 Nf7 23.Qb3 Qd7 24.Ne3 g6 25.h4 Nd5 26.Bxd5 cxd5 27.h5 Nd8 28.hxg6 
hxg6 29.gxf5 gxf5 30.Kf2 Kf7 31.Rh1 Ke8 32.Rdg1 b6 33.Rh6 Rc8 34.Qd1 Qe7 
35.Rgg6 b5 36.Qh5 Kd7 37.Rh7 Rf7 38.Rxf7 Qxf7 39.Qh6 Qe7 40.Rg7 Nf7 41.Qh5
Rf8 42.Ng2 Ke8 43.Qg6 Rh8 44.a3 a5 45.Qg3 Kf8 46.Rg6 b4 47.Qd3 Rh6 48.Rg3 
bxa3 49.Qxa3 Qxa3 50.Rxa3 Nd8 51.Rxa5 Nc6 52.Ra6 Nxd4 53.Ke3 Nc2+ 54.Kd2 
Nb4 55.Rb6 Rh2 56.Rxb4 Rxg2+ 57.Kc3 Ke7 58.Rb7+ Kd8 59.Rb6 Kd7 60.Rb7+ Kd8
61.Rb6 1/2-1/2

[Event "Politiken zt"]
[Site "Munkebo"]
[Date "1998.09.15"]
[Round "2.4"]
[White "Danielsen, Henrik"]
[Black "Wedberg, Tom"]
[Result "1/2-1/2"]
[WhiteElo "2510"]
[BlackElo "2475"]
[EventDate "1998.09.10"]
[PlyCount "48"]

1.f4 d5 2.Nf3 g6 3.g3 Bg7 4.Bg2 c5 5.O-O Nh6 6.d3 d4 7.c4 Nc6 8.Na3 a6 9.
Ng5 Qc7 10.Nc2 Rb8 11.Ne4 b6 12.Qe1 O-O 13.a3 Na5 14.b4 Nb3 15.Rb1 Nxc1 
16.Qxc1 Bb7 17.bxc5 bxc5 18.Qd2 Ba8 19.Rfc1 Nf5 20.Bf3 e5 21.Rf1 exf4 22.
Qxf4 Be5 23.Qg4 Bg7 24.Qf4 Be5 1/2-1/2